000 00681nam a2200289Ia 4500
005 20260324150045.0
008 008 260324s9999 xx 000 0 eng d
020 _a9781315135656
037 _aEBOOK
040 _aCRL
040 _beng
040 _cCRL
041 _2eng
041 _aeng
084 _qCRL
100 _aRichard E. Nisbett
_91225115
245 0 _aThought and Feeling
245 0 _bCognitive Alteration of Feeling States
260 _bTaylor and Francis
260 _c1974
365 _a
365 _b230
856 _uhttp://www.taylorfrancis.com/books/9781315135656
942 _cEBOOK
999 _c1833934
_d1833934